| 000 | 01767nam a2200361 a 4500 | ||
|---|---|---|---|
| 001 | vtls003164973 | ||
| 003 | MY-SjTCS | ||
| 005 | 20200226114227.0 | ||
| 006 | m u | ||
| 007 | cr cn||||||||| | ||
| 008 | 100712s2009 gw sb 101 0 eng | ||
| 010 | _z 2008-049887 | ||
| 020 | _z9783110209594 (hbk. : alk. paper) | ||
| 035 | _a(CaPaEBR)ebr10282609 | ||
| 039 | 9 |
_y201007121352 _zVLOAD |
|
| 040 |
_aCaPaEBR _cCaPaEBR |
||
| 050 | 1 | 4 |
_aBT203 _b.A32 2006eb |
| 082 | 0 | 4 |
_a232 _222 |
| 110 | 2 |
_aAcademie internationale des sciences religieuses. _bColloquia _n(1st : _d2006 : _cOxford University) |
|
| 245 | 1 | 0 |
_aJesus Christ today _h[electronic resource] : _bstudies of Christology in various contexts : proceedings of the Académie internationale des sciences religieuses, Oxford 25-29 August 2006 and Princeton 25-30 August 2007 / _cedited by Stuart George Hall. |
| 260 |
_aBerlin ; _aNew York : _bW. de Gruyter, _cc2009. |
||
| 300 |
_axiv, 382 p. ; _c24 cm. |
||
| 490 | 0 |
_aTheologische Bibliothek Töpelmann ; _vBd. 146 |
|
| 504 | _aIncludes bibliographical references and index. | ||
| 529 | _aTSLHHL | ||
| 533 |
_aElectronic reproduction. _bPalo Alto, Calif. : _cebrary, _d2009. _nAvailable via World Wide Web. _nAccess may be limited to ebrary affiliated libraries. |
||
| 600 | 0 | 0 |
_aJesus Christ _xPerson and offices _vCongresses. |
| 655 | 7 |
_aElectronic books. _2local |
|
| 700 | 1 | _aHall, Stuart George. | |
| 710 | 2 |
_aAcademie internationale des sciences religieuses. _bColloquia _n(2nd : _d2007 : _cPrinceton Theologial Seminary) |
|
| 710 | 2 |
_aebrary, Inc. _925628 |
|
| 856 | 4 | 0 |
_uhttps://ezproxy.taylors.edu.my/login?url=http://site.ebrary.com/lib/taylorscollege/Doc?id=10282609 _zAn electronic book accessible through the World Wide Web; click to view |
| 999 | _c129010 | ||